000 00712nam a22002417a 4500
001 15480
003 BD-RjUL
005 20211208235826.0
008 140210s1981 ii ||||| |||| 001 0 eng d
035 _a(BD-RjUL)15534
040 _aBD-RjUL
_beng
_cBD-RjUL
_dBD-RjUL
041 _aeng
082 _a 658.406
_bDWD 1981
100 1 _aDwivedi, R.S.
_948084
245 1 0 _aDynamics of human behaviour at work /
_c R.S.Dwivedi.
260 _a New Delhi ;
_a Calcata:
_b Oxford & IBH,
_c©1981.
300 2 _axiv, 599 p. :
_b ill. ;
_c22 cm.
500 _a Articles; previously published.
504 _aIncludes Index.
650 0 _aManagement.
_948085
650 0 _a Human behavior.
_948086
942 _2ddc
_cBK
999 _c15480
_d15480